Biologické, chemické a inžinierske možnosti nadprodukcie kyseliny mliečnej : Obh. 2.9.1993 /

Gespeichert in:
Bibliographische Detailangaben
1. Verfasser: Heriban, Vladimír (Verfasst von)
Format: Manuskript Buch
Sprache:Slowakisch
Veröffentlicht: Bratislava : STU v Bratislave ChtF, 1993
Tags: Tag hinzufügen
Keine Tags, Fügen Sie das erste Tag hinzu!

MARC

LEADER 00000ntm a22000003a 4500
001 stu22290
005 20150617225751.2
008 940221s1993----cs------------------slo-d
040 |a STU  |b slo 
041 0 |a slo 
044 |a cs 
080 |a 661.733.2(043.3) 
100 1 |a Heriban, Vladimír  |4 aut 
245 1 |a Biologické, chemické a inžinierske možnosti nadprodukcie kyseliny mliečnej :  |b Obh. 2.9.1993 /  |c [aut.]Heriban,Vladimír 
260 |a Bratislava :  |b STU v Bratislave ChtF,  |c 1993 
300 |a Nepr.str :  |b Tab.,grafy,lit 
500 |a Katedra biochemickej technológie 
996 |b CKD263  |c C*KD263  |l CCI  |s A  |a 24  |w stu22290_0001